Aproximación a la valoración económica ambiental del departamento Archipiélago de San Andrés, Providencia y Santa Catalina : (Registro nro. 15510)
[ vista simple ]
| 000 -LEADER | |
|---|---|
| fixed length control field | 01674nam a22002777a 4500 |
| 003 - CONTROL NUMBER IDENTIFIER | |
| control field | OSt |
| 005 - DATE AND TIME OF LATEST TRANSACTION | |
| control field | 20210326161731.0 |
| 008 - FIXED-LENGTH DATA ELEMENTS--GENERAL INFORMATION | |
| fixed length control field | 210326t2016 ck aod|gr|||| 00| 0 spa d |
| 020 ## - INTERNATIONAL STANDARD BOOK NUMBER | |
| International Standard Book Number | 9789585923287 |
| 040 ## - CATALOGING SOURCE | |
| Original cataloging agency | CO-JMCR |
| Transcribing agency | CO-JMCR |
| 041 0# - LANGUAGE CODE | |
| Language code of text/sound track or separate title | spa |
| 082 04 - DEWEY DECIMAL CLASSIFICATION NUMBER | |
| Classification number | 333.720986111 / |
| Item number | P912a |
| Edition number | 21 |
| 100 1# - MAIN ENTRY--PERSONAL NAME | |
| Personal name | Prato, Julián Alberto, |
| Relator term | investigador |
| 9 (RLIN) | 36598 |
| 245 ## - TITLE STATEMENT | |
| Title | Aproximación a la valoración económica ambiental del departamento Archipiélago de San Andrés, Providencia y Santa Catalina : |
| Remainder of title | reserva de Biósfera de Seaflower / |
| Statement of responsibility, etc. | investigador, Julián Alberto Prato ; [revisores, Helena García, José Ernesto Mancera, Robert Hudgson] |
| 250 ## - EDITION STATEMENT | |
| Edition statement | Primera edición |
| 260 ## - PUBLICATION, DISTRIBUTION, ETC. | |
| Place of publication, distribution, etc. | Bogotá : |
| Name of publisher, distributor, etc. | Comisión Colombiana del Océano, |
| Date of publication, distribution, etc. | 2016 |
| 300 ## - PHYSICAL DESCRIPTION | |
| Extent | 167 páginas : |
| Other physical details | ilustraciones, fotografías y mapas a color ; |
| Dimensions | 28 cm. |
| 504 ## - BIBLIOGRAPHY, ETC. NOTE | |
| Bibliography, etc. note | Bibliografía: páginas 161-167 |
| 505 0# - FORMATTED CONTENTS NOTE | |
| Formatted contents note | La evaluación económica como herramienta para cuantificar y representar los aportes de la RB Seaflower y sus ecosistemas al bienestar humano -- Metodología -- Estimación de los aportes económicos de los servicios ecosistémicos marinocosteros del departamento Archipielago de San Andrés, Providencia y Santa Catalina, Reserva de la Biósfera Seaflower |
| 650 14 - SUBJECT ADDED ENTRY--TOPICAL TERM | |
| Topical term or geographic name entry element | Protección del medio ambiente |
| General subdivision | Aspectos económicos |
| Geographic subdivision | San Andrés, Providencia y Santa Catalina |
| 9 (RLIN) | 36599 |
| 650 24 - SUBJECT ADDED ENTRY--TOPICAL TERM | |
| Topical term or geographic name entry element | Conservación de los recursos naturales |
| General subdivision | Aspectos económicos |
| Geographic subdivision | San Andrés, Providencia y Santa Catalina |
| 9 (RLIN) | 36600 |
| 700 1# - ADDED ENTRY--PERSONAL NAME | |
| Personal name | García, Helena, |
| Relator term | revisora |
| 9 (RLIN) | 36601 |
| 700 1# - ADDED ENTRY--PERSONAL NAME | |
| Personal name | Mancera, José Ernesto, |
| Relator term | revisor |
| 9 (RLIN) | 36602 |
| 700 1# - ADDED ENTRY--PERSONAL NAME | |
| Personal name | Hudgson, Robert, |
| Relator term | revisor |
| 9 (RLIN) | 36603 |
| 942 ## - ADDED ENTRY ELEMENTS (KOHA) | |
| Source of classification or shelving scheme | Dewey Decimal Classification |
| Koha item type | Books |
| Withdrawn status | Lost status | Source of classification or shelving scheme | Damaged status | Not for loan | Collection code | Home library | Current library | Date acquired | Source of acquisition | Total Checkouts | Full call number | Barcode | Date last seen | Copy number | Price effective from | Koha item type |
|---|---|---|---|---|---|---|---|---|---|---|---|---|---|---|---|---|
| Dewey Decimal Classification | Non-fiction | Biblioteca Pública José María del Castillo y Rada | Biblioteca Pública José María del Castillo y Rada | 10/02/2020 | Donación | 333.720986111 / P912a | 201811017 | 05/16/2024 | $0 | 03/26/2021 | Books |